Vulkanizační činidla

Gespeichert in:
Bibliographische Detailangaben
1. Verfasser: Ducháček, Vratislav, 1941-
Format: Buch
Sprache:Tschechisch
Veröffentlicht: Zlín Česká společnost průmyslové chemie místní pobočka, Gumárenská skupina Zlín 2002
Schlagworte:
Online-Zugang:Im OPAC anzeigen
Tags: Tag hinzufügen
Keine Tags, Fügen Sie das erste Tag hinzu!

MARC

LEADER 00000nam a2200000 a 4500
003
005 20260128062310.0
008 051102 2002 xr 000 0 cze d
020 |a 8002015258 
035 |a vtls008306613 
039 9 |y 200511020909  |z mschk03 
040 |a STUSCHK1  |b slo  |c STUSCHK1  |e AACR2 
080 |a 678.043 
100 1 |a Ducháček, Vratislav,  |d 1941-   |9 735 
245 1 |a Vulkanizační činidla 
260 |a Zlín  |b Česká společnost průmyslové chemie místní pobočka, Gumárenská skupina Zlín  |c 2002 
300 |a 127 s. 
650 0 |a vulkanizační činidla 
910 |a SCHK95 
919 |a 80-02-01525-8 
999 |c 4  |d 4